000 00547nam a2200193Ia 4500
003 GCL
008 140319s9999 xx 000 0 ara d
040 _aGCL /
_cGCL
082 0 4 _a133.52
_bب ت
245 1 0 _aتوقعات 2003 فى قراءات وفاء الزين
250 _aالثانية
260 _aالقاهرة :
_bبيسان للنشر والتوزيع ،
_c2002
300 _a317 ص ؛
_c24 سم
650 0 4 _aالنجوم
650 0 4 _aالتنجيم
650 0 4 _aالفلك
650 0 4 _aالتنبؤات
942 _2ddc
_cBK
999 _c5544
_d5544